• 首页
  • 本馆介绍
  • 公告通知
  • 最新文献
  • 馆藏检索
  • 电子资源
  • 读者导购
  • 参考咨询
  • 我的图书馆
  • 登录
  • 详细信息显示
  • 放入我的书架
  • 预约/预借图书
  • 作者相关作品
  • 分类相关作品
  • 丛书相关作品
  • 出版社相关作品

书目信息

  • 表格格式
  • 工作单格式
  • 卡片格式
题名:
日本常用汉字读音辞典
    
 
作者: 赵基天 , 刘佐卿 编
分册:  
出版信息: 长春   吉林教育出版社  1986
页数: 1127页
开本: 19cm
丛书名:
单 册:
中图分类: H366
科图分类:
主题词: 日语--词典
电子资源:
ISBN:
000 00654nam0 2200229 45
001 0186006709
005 20050425152626.6
010    @dCNY8.20@b精装
100    @a19951031d1986 em y0chiy0121 ea
101 0  @achi
102    @aCN@b220000
105    @ay z 000yy
200 10 @a日本常用汉字读音辞典@Ari ben chang yong han zi du yin ci dian@f赵基天,刘佐卿编@FZhao Ji Tian,Liu Zuo Qing Bian
210    @a长春@c吉林教育出版社@d1986
215    @a1127页@d19cm
606 0  @a日语@x词典
690    @aH366@v3
701  0 @a赵基天@4编
701  0 @a刘佐卿@4编
801  0 @aCN@b深圳图书馆@c20050425
801  2 @aCN@bNLC@c20050425
905    @f1@b154319@dH366@e127
    
    日本常用汉字读音辞典/赵基天,刘佐卿编.-长春:吉林教育出版社,1986
    1127页;19cm
    
    
    ISBN (精装):CNY8.20
    
●
相关链接 在E读中查询图书 在五车中查询图书 在当当中查询图书 在豆瓣中查询图书


正题名:日本常用汉字读音辞典     索取号:H366/127         预约/预借

序号 登录号 条形码 馆藏地/架位号 状态 备注
1 0154319   001152843   工具书阅览室/ [索取号:H366/127] 在馆    
2 0154320   201543204   第二样本阅览室/ [索取号:H366/127] 在馆    
唐山师范学院图书馆 欢迎您!
大连网信软件有限公司© 版权所有